Tax credit will benefit poor areas (Record no. 68141)
[ view plain ]
| 000 -LEADER | |
|---|---|
| fixed length control field | 00964cam a2200229 4500 |
| 001 - CONTROL NUMBER | |
| control field | ABS64444 |
| 008 - FIXED-LENGTH DATA ELEMENTS--GENERAL INFORMATION | |
| fixed length control field | 010903n2001 000 0 eng u |
| 035 ## - SYSTEM CONTROL NUMBER | |
| System control number | (Sirsi) u114412 |
| 100 ## - MAIN ENTRY--PERSONAL NAME | |
| Personal name | McGeehan, S |
| 245 ## - TITLE STATEMENT | |
| Title | Tax credit will benefit poor areas |
| 260 ## - PUBLICATION, DISTRIBUTION, ETC. | |
| Date of publication, distribution, etc. | 2001 |
| 490 ## - SERIES STATEMENT | |
| Series statement | Regeneration and Renewal |
| Volume/sequential designation | 17 August 2001, 10(1) |
| 520 ## - SUMMARY, ETC. | |
| Summary, etc. | Reports on the new community investment tax credit plans, community development finance initiatives (CDFIs), which aim to provide a sustainable capital source for enterprises in deprived areas. Investors welcome this scheme, with interest in CDFIs growing. Government aims to increase financial support to existing initiatives and to increase the number and scale of CDFIs. |
| 590 ## - LOCAL NOTE (RLIN) | |
| Local note | ABS |
| 650 ## - SUBJECT ADDED ENTRY--TOPICAL TERM | |
| Topical term or geographic name entry element | URBAN REGENERATION |
| 650 ## - SUBJECT ADDED ENTRY--TOPICAL TERM | |
| Topical term or geographic name entry element | INVESTMENT |
| 650 ## - SUBJECT ADDED ENTRY--TOPICAL TERM | |
| Topical term or geographic name entry element | TAX CREDITS |
| 650 ## - SUBJECT ADDED ENTRY--TOPICAL TERM | |
| Topical term or geographic name entry element | COMMUNITY DEVELOPMENT FINANCE INITIATIVES |
| 650 ## - SUBJECT ADDED ENTRY--TOPICAL TERM | |
| Topical term or geographic name entry element | LOCAL COMMUNITIES |
| 690 ## - LOCAL SUBJECT ADDED ENTRY--TOPICAL TERM (OCLC, RLIN) | |
| Topical term or geographic name as entry element | REGENERATION |
| 942 ## - ADDED ENTRY ELEMENTS (KOHA) | |
| Suppress in OPAC | 0 |
| Withdrawn status | Lost status | Source of classification or shelving scheme | Damaged status | Not for loan | Home library | Current library | Shelving location | Date acquired | Total Checkouts | Full call number | Barcode | Date last seen | Copy number | Price effective from | Koha item type |
|---|---|---|---|---|---|---|---|---|---|---|---|---|---|---|---|
| Dewey Decimal Classification | London | London | Journal article | 03/09/2001 | ABS64444 | 114412-1001 | 06/08/2019 | 1 | 06/08/2019 | Journal article |